Personnages de Gossip Girl - Mort Subite - Statistiques

Statistiques générales
  • Ce quiz a été pris 1 613 fois
  • Le résultat moyen est 7 sur 9
Answers on the Grid
Answers color-coded by a green-red scale on the quiz's grid according to % correct below.
Chuck Bass
Nathaniel Archibald
Blair Waldorf
Georgina Sparks
Jennifer Humphrey
Vanessa Abrams
Juliet Sharp
Eric Van Der Woodsen
Carter Baizen
April Kepner
Spencer Hastings
Hanna Marin
Ezra Fitz
Lawrence Kutner
Susan Lewis
Doug Ross
Alison DiLaurentis
Bonnie Bennett
Jeremy Gilbert
Tyler Lockwood
Skyler White
Jesse Pinkman
Todd Alquist
Kaitlyn Meade
Edwin Mullins
Carrie Roman
Cruz Manuelos
Julian Lynn
 
Statistiques - réponses
Réponse % Correct
Chuck Bass
92%
Blair Waldorf
89%
Eric Van Der Woodsen
87%
Georgina Sparks
86%
Jennifer Humphrey
84%
Nathaniel Archibald
84%
Vanessa Abrams
84%
Carter Baizen
72%
Juliet Sharp
65%
Aucun quiz correspondant
Distribution des résultats
% des personnes avec chaque résultat
Percentile par nombre de réponses
Votre historique - résultats
Vous n’avez pas pris ce quiz